000 00277nam a2200109Ia 4500
008 200302s9999 xx 000 0 und d
100 _aMichel fox ed.
245 _aInteract architecture adaptive world
260 _bPrinceton Architectural Press
260 _c2016
300 _a176
999 _c7284
_d7284